Cirkadiánní kód proti cukrovce : odhalte správný čas, kdy jíst, spát a cvičit pro potlačení prediabetu a diabetu /
Publikace dokazuje, že už malé změny denního režimu vedou ke zlepšení diabetu a mohou snížit dávky léků.
Uloženo v:
| Hlavní autor: | |
|---|---|
| Další autoři: | |
| Médium: | E-kniha |
| Jazyk: | Czech |
| Vydáno: |
V Brně :
Jan Melvil Publishing,
2022
|
| Vydání: | Vydání první |
| Edice: | Žádná velká věda
|
| Témata: | |
| On-line přístup: | Plný text - pro registrované uživatele NK ČR |
| Tagy: |
Žádné tagy |
| LEADER | 02891nam a2200673 i 4500 | ||
|---|---|---|---|
| 001 | 311744 | ||
| 003 | CZ PrSKC | ||
| 005 | 20260601215711.0 | ||
| 007 | ta | ||
| 008 | 221111s2022 xr a e f 001 0 cze | ||
| 015 | |a cnb003471641 | ||
| 020 | |a 9788075551733 |q (brožováno) | ||
| 035 | |a (OCoLC)1357139109 | ||
| 040 | |a BOA001 |b cze |e rda | ||
| 041 | 1 | |a cze |h eng | |
| 072 | 7 | |a 616 |x Patologie. Klinická medicína |2 Konspekt | |
| 080 | |a 616.379-008.64 |2 MRF | ||
| 080 | |a 57.034 |2 MRF | ||
| 080 | |a 616 |2 MRF | ||
| 080 | |a 616-084 |2 MRF | ||
| 080 | |a 613.2 |2 MRF | ||
| 080 | |a 316.728 |2 MRF | ||
| 080 | |a 613 |2 MRF | ||
| 080 | |a (035) |2 MRF | ||
| 100 | 1 | |a Panda, Satchin, |d 1971- |7 xx0254008 |4 aut | |
| 240 | 1 | 0 | |a Circadian diabetes code. |l Česky |
| 245 | 1 | 0 | |a Cirkadiánní kód proti cukrovce : |b odhalte správný čas, kdy jíst, spát a cvičit pro potlačení prediabetu a diabetu / |c Satchin Panda ; překlad Helena Mirovská |
| 250 | |a Vydání první | ||
| 264 | 1 | |a V Brně : |b Jan Melvil Publishing, |c 2022 | |
| 300 | |a 300 stran : |b ilustrace ; |c 22 cm | ||
| 336 | |a text |b txt |2 rdacontent | ||
| 337 | |a bez média |b n |2 rdamedia | ||
| 338 | |a svazek |b nc |2 rdacarrier | ||
| 490 | 1 | |a Žádná velká věda | |
| 500 | |a Přeloženo z angličtiny | ||
| 504 | |a Obsahuje bibliografické odkazy a rejstřík | ||
| 520 | 2 | |a Publikace dokazuje, že už malé změny denního režimu vedou ke zlepšení diabetu a mohou snížit dávky léků. | |
| 650 | 0 | 7 | |a diabetes mellitus |7 ph114310 |2 czenas |
| 650 | 0 | 7 | |a cirkadiánní rytmy |7 ph137708 |x zdravotní aspekty |2 czenas |
| 650 | 0 | 7 | |a prevence onemocnění |7 ph137258 |2 czenas |
| 650 | 0 | 7 | |a racionální výživa |7 ph124968 |2 czenas |
| 650 | 0 | 7 | |a životní styl |7 ph136586 |2 czenas |
| 650 | 0 | 7 | |a životospráva |7 ph128035 |2 czenas |
| 650 | 0 | 9 | |a diabetes mellitus |2 eczenas |
| 650 | 0 | 9 | |a circadian rhythms |x health aspects |2 eczenas |
| 650 | 0 | 9 | |a prevention of diseases |2 eczenas |
| 650 | 0 | 9 | |a rational nutrition |2 eczenas |
| 650 | 0 | 9 | |a life style |2 eczenas |
| 650 | 0 | 9 | |a health behavior |2 eczenas |
| 655 | 7 | |a příručky |7 fd133209 |2 czenas | |
| 655 | 9 | |a handbooks and manuals |2 eczenas | |
| 700 | 1 | |a Mirovská, Helena, |d 1979- |7 xx0165974 |4 trl | |
| 830 | 0 | |a Žádná velká věda | |
| 856 | 4 | 1 | |u https://www.bookport.cz/AccountSaml/SignIn/?idp=https%3A%2F%2Fshibboleth.nkp.cz%2Fidp%2Fshibboleth&returnUrl=/kniha/cirkadianni-kod-proti-cukrovce-11081/ |y Plný text - pro registrované uživatele NK ČR |4 N |
| 900 | |a ABA001 |b 21 | ||
| 044 | |a xr | ||
| 910 | |a RBIT002 | ||
| 998 | |d 363069 |a https://core.palmknihy.cz/api/books/363069/cover?rl2s38 |b https://core.palmknihy.cz/api/books/363069/cover/400?rl2s38 |c https://core.palmknihy.cz/api/books/363069/cover/50?rl2s38 |e |g 300 |i 9788075551733 |j https://core.palmknihy.cz/api/books/363069/preview.epub |l |q 49 |r 1 |s https://www.palmknihy.cz/kniha/363069 |t ebook |y 2022 |z 0 | ||
| 999 | |d 311742 | ||